Economics 11th/Ed (Record no. 312615)

000 -LEADER
fixed length control field 00436 a2200181 4500
001 - CONTROL NUMBER
control field 77542
020 ## - INTERNATIONAL STANDARD BOOK NUMBER
International Standard Book Number 978019928646
082 ## - DEWEY DECIMAL CLASSIFICATION NUMBER
Classification number 330 LIP
090 ## - LOCALLY ASSIGNED LC-TYPE CALL NUMBER (OCLC); LOCAL CALL NUMBER (RLIN)
-- 39328
-- 39328
100 ## - MAIN ENTRY--PERSONAL NAME
Personal name Lipsey : Chrystal
245 ## - TITLE STATEMENT
Title Economics 11th/Ed
Statement of responsibility, etc. Lipsey : Chrystal
Medium English
250 ## - EDITION STATEMENT
Edition statement 11 th
260 ## - PUBLICATION, DISTRIBUTION, ETC.
Place of publication, distribution, etc. USA
Name of publisher, distributor, etc. Oxford
Date of publication, distribution, etc. 2007
300 ## - PHYSICAL DESCRIPTION
Extent xxii 665 p
500 ## - GENERAL NOTE
General note DOS BS Reference Books
505 ## - FORMATTED CONTENTS NOTE
Formatted contents note Gifted Books
600 ## - SUBJECT ADDED ENTRY--PERSONAL NAME
Personal name Economics
942 ## - ADDED ENTRY ELEMENTS (KOHA)
Institution code [OBSOLETE] caenust
Call number prefix 330 LIP
Koha item type
Holdings
Withdrawn status Lost status Damaged status Not for loan Collection code Permanent Location Current Location Date acquired Total Checkouts Full call number Barcode Date last seen Price effective from Koha item type
          College of Aeronautical Engineering (CAE) College of Aeronautical Engineering (CAE) 04/03/2017   330 LIP CAEG-6801 04/05/2017 04/05/2017 Book
          College of Aeronautical Engineering (CAE) College of Aeronautical Engineering (CAE) 04/03/2017   330 LIP CAEG-6803 04/05/2017 04/05/2017 Book
          College of Aeronautical Engineering (CAE) College of Aeronautical Engineering (CAE) 04/03/2017   330 LIP CAEG-6802 04/05/2017 04/05/2017 Book
© 2023 Central Library, National University of Sciences and Technology. All Rights Reserved.